000
00297nam a2200145Ia 4500
100
_a
Papoulis/ Athanasios
942
_c
BK
654
_a
Probability
245
_a
Probability
260
_b
Tata Mc Graw hill
_c
2004
082
_a
519.2
_b
PAP
300
_a
852
546
_a
ENGLISH
999
_c
35540
_d
35540